03127cam a22005054i 4500003000900000005001700009008004100026020001800067035002000085040003300105041001300138049000900151082001900160245010100179264008500280300005600365336002100421337002500442338002300467490002700490504004800517505141300565526001001978526001001988526001001998526001002008526000802018526000802026526000802034526000802042526000802050526000802058526000802066650003002074650002302104700003002127910002802157942001402185994001402199598001502213596000602228999016202234980005502396952017002451PE-LiUPU20250731173103.0180604s2018 mdua rb 000 0 eng d a9781943507139 a(Sirsi) a247272 aPE-LiUPUbspacPE-LiUPUerda1 aengaheb aPRUA04a296.45bL522000aLet's worship him :bworld Adventist-Jewish Congress papers July 2016 /cRichard Elofer, Editor. 1aSilver Springs, Maryland :bGeneral Conference of Seventh-day Adventists,c2018. a286 páginas :bilustraciones ;c21 centímetros. atext2rdacontent aunmediated2rdamedia avolume2rdacarrier0 aGlobal mission studies aBibliografía al final de cada capítulo.0 aDevotionals and sermons -- Samuel Telemaque, Glimpses of Jesus in the midst of the golden lampstands -- Samuel Telemaque, I saw the lord, he touched me, and i said, here i am, send me -- Shalom Davis, from tiny to mighty: the parable of the mustard seed -- Jacques Doukhan, fear the judge and worship the creator: the three angels message and the day od atonement -- Plenary session -- Ted Wilson, welcoming session -- Clifford Goldstein, the first angel's message in the context of the sabbath, the jew, and eschatology -- Yvan Milanov, "with the whole heart, soul, and strength": an overview of principles of worship in the hebrew bible -- Daniel Stojanovic, "sing to the lord all the earth": first-century jewish christian perspectives on worship, and their lessons -- Kwabena Donkor, the three angel's messages, creation theology, and worship -- Workshops -- Gary Krause, worship and mission -- Imre Tokics, worship as a mission in the book of Daniel -- Paolo Benini, Justification, sanctification and worship: implication and consequence of salvation in the believer's life and worship -- Ralph Ringer, worshiping our creator in the context of revelation 14 -- Roger Lang, Integrating family worship into jewish ministtry -- Alexander Bolotnikov, lessons in worship from rabbinic judaism: the case from the passover seder -- Yvette du Mesnil d'Engente, freedom and diversity in jewish adventist worship. aSEG42 aSEG41 aSEG40 aSEG39 aP94 aP87 aP86 aP85 aP77 aP76 aP3504aAdoración (Judaísmo).04aWorship (Judaism).1 aElofer, Richard,eeditor. adbmbncfcncfd20180604 2ddccBOOK aC0bPEPRU aCATALOGING a1 a296.45 L5wDEWEYc28250i78653d28250f2021-11-11g4lCCODEBUL1mBULp20.00q1r0sYtBOOKu2018-6-4xTEOLOGIAPP350DONACIONo.STAFF. Colección Teología 81gALBERTO SANCHEZ Responsable de Automatización r2025-12-02 00:00:00i5l0o296.45 L5p78653te1v25.00w2018-06-04xFTyBKzinventario-2023-12-13102ddc50708GENfP35aBULbBULcGENd2018-06-04eDONACIONg20.00